[Event "Foment Martinenc op-B 15th"]
[Site "Barcelona"]
[Date "2013.05.11"]
[Round "4"]
[White "Prats Mir, Sergi"]
[Black "Garcia Extremera, Manuel"]
[Result "1-0"]
[WhiteElo "1700"]
[BlackElo "1431"]
[PlyCount "135"]
[EventDate "2013.04.20"]
[EventType "swiss"]
[EventRounds "9"]
[EventCountry "ESP"]
[SourceTitle "CBM 154 Extra"]
[Source "ChessBase"]
[SourceDate "2013.06.25"]
[SourceVersion "2"]
[SourceVersionDate "2013.06.25"]
[SourceQuality "1"]

1. d4 e6 2. c4 d5 3. Nc3 Nf6 4. Nf3 Bb4 5. a3 Bxc3+ 6. bxc3 c6 7. e3 Qa5 8. Bd2 0-0 9. Bd3 dxc4 10. Bxc4 Nbd7 11. Bd3 Qc7 12. 0-0 c5 13. Qe2 b6 14. e4 e5 15. d5 a6 16. h3 b5 17. Nh2 c4 18. Bc2 Nc5 19. f4 Nb3 20. Rab1 Nxd2 21. Qxd2 Qc5+ 22. Qf2 Qd6 23. fxe5 Qxe5 24. Qe3 Nxd5 25. Qd4 Qxd4+ 26. cxd4 Ne3 27. Rf2 Nxc2 28. Rxc2 Re8 29. Re1 Bb7 30. e5 Rad8 31. Rd2 Bd5 32. Nf3 c3 33. Rd3 Rc8 34. Rc1 c2 35. Rd2 Bxf3 36. gxf3 g6 37. Rdxc2 Rxc2 38. Rxc2 Rd8 39. Rd2 Rd5 40. Kf2 Kf8 41. Ke3 Ke7 42. Rc2 Rd7 43. Ke4 a5 44. d5 f5+ 45. Kd4 b4 46. axb4 axb4 47. Rb2 Rb7 48. f4 Kd7 49. Kc4 Rc7+ 50. Kxb4 h6 51. h4 Rc1 52. Ka5 Ra1+ 53. Kb6 Ra4 54. Kb7 Rxf4 55. Kb8 Kd8 56. Rb6 Rg4 57. Rd6+ Ke7 58. Kc7 Rc4+ 59. Rc6 Ra4 60. d6+ Kf7 61. d7 Ra7+ 62. Kd6 Ra1 63. e6+ Kf6 64. e7 Rd1+ 65. Kc7+ Kxe7 66. Rxg6 Rxd7+ 67. Kc6 Ra7 68. Rg7+ 1-0